| 000 | 01402nam a22003617a 4500 | ||
|---|---|---|---|
| 003 | CHAP | ||
| 005 | 20220329140059.0 | ||
| 008 | 971013s1974 r 00010 d | ||
| 010 | _a46682 | ||
| 011 | _a47654 | ||
| 035 | _a51797 | ||
| 040 | _cCHAP | ||
| 082 |
_a620.11 _bT55mY |
||
| 100 | 0 | 0 |
_aTimoshenko, Stephen P. _9113341 |
| 245 | _aMecánica de materiales | ||
| 260 |
_aMéxico, D.F. : _bUTEHA, _c1974 |
||
| 300 | _a618 p. | ||
| 590 |
_aBATCH-UPD _b10 _c20130110 _lUCH01 _h1608 |
||
| 590 |
_aCONVERSION _b10 _c20130109 _lUCH01 _h1326 |
||
| 650 | 1 | 4 |
_aResistencia de materiales. _996123 |
| 700 | 0 |
_aGere, James M. _947729 |
|
| 901 | _aBK | ||
| 942 | _cLIBRO | ||
| 949 |
_a620.11 T55mY _bBC _cLIBRO _d-115728 _eLIBRO _h32311 _i51797 _si |
||
| 949 |
_a620.11 T55mY _bBC _cLIBRO _d-115729 _eLIBRO _fc.2 _h32312 _i51797 _si |
||
| 949 |
_a620.11 T55mY _bBC _cLIBRO _d-115732 _eLIBRO _fc.5 _h46350 _i51797 _si |
||
| 949 |
_a620.11 T55mY _bBC _cLIBRO _d33724000013520 _eLIBRO _fc.4 _h46349 _i51797 _si |
||
| 949 |
_a620.11 T55mY _bBC _cLIBRO _d33724000013546 _eLIBRO _fc.7 _h46352 _i51797 _si |
||
| 949 |
_a620.11 T55mY _bBC _cLIBRO _d33724000463337 _eLIBRO _fc.3 _h46348 _i51797 _si |
||
| 949 |
_a620.11 T55mY _bBC _cLIBRO _d33724000690871 _eLIBRO _fc.8 _h65291 _i51797 _si |
||
| 949 |
_a620.11 T55mY _bBC _cLIBRO _d33724000901815 _eLIBRO _fc.6 _h46351 _i51797 _si |
||
| 949 |
_a620.11 T55mY _bBC _cLIBRO _d33724002062728 _eLIBRO _fc.9 _h65292 _i51797 _si |
||
| 999 |
_c46682 _d46682 |
||